00398 2200145 4500001002100000005001500021035002000036245005600056100002100112300003400133260003300167082001200200084001800212020002200230INLIS00000000000012920240508080207 a0010-05240000511 aInformatika 6 :bSD/MI Kelas VI /cSubroto Rahardjo0 aSubroto Rahardjo avi, 90 hlm :bilus ;c28,5 cm aJakarta :bYudhistira,c2019 a004.071 a004.071 SUB i a978-602-445-853-9